00369nam a2200109Ia 450000500170000000800410001710000180005824501280007626000200020430000110022465000240023520260326235501.0260326s9999||||xx |||||||||||||| ||und|| aCaplan, Ralph 0aBy Design :b Why There Are No Locks on the BathRoom Doors in the Hotel Louis Xiv, and Other Object Lessons /cRalph Caplan bFairchild Books a267 p. aDISEÑO INDUSTRIAL